Thẩm bình tác phẩm văn chương trong nhà trường

Salvato in:
Dettagli Bibliografici
Natura: Libro
Lingua:Undetermined
Pubblicazione: H. ĐHQG 2000
Soggetti:
Tags: Aggiungi Tag
Nessun Tag, puoi essere il primo ad aggiungerne! !
Thư viện lưu trữ: Trung tâm Học liệu Trường Đại học Cần Thơ
LEADER 00519nam a2200169Ia 4500
001 CTU_52023
008 210402s9999 xx 000 0 und d
020 |b 14000 
082 |a 807 
082 |b Th120/T2 
245 0 |a Thẩm bình tác phẩm văn chương trong nhà trường 
260 |a H. 
260 |b ĐHQG 
260 |c 2000 
650 |a vietnamese literature,vietnamese literature 
650 |x history and criticism,study and teaching 
980 |a Trung tâm Học liệu Trường Đại học Cần Thơ